LEADER 01078cam0-2200313 --450 001 9910479652603321 005 20210618123456.0 010 $a978-88-575-6951-2 100 $a20210618d2020----km y0itay50 ba 101 0 $aita 102 $aIT 105 $ay 001yy 200 1 $aGran maestri d'Italia 1805-2020$eil diritto e il rovescio della storia del GOI attraverso i suoi massimi esponenti$fa cura di Giovanni Greco$gpresentazione del G. M. Stefano Bisi 210 $aMilano ; Udine$cMimesis$d2020 215 $a528 p.$d21 cm 225 1 $aMimesis. Il flauto magico$v52 517 1 $aGran maestri d'Italia milleottocentocinque-duemilaventi 610 0 $aMassoni$a1805-2020$aBiografie 610 0 $aGrande Oriente d'Italia$aStoria 676 $a366.1092$v23$zita 702 1$aGreco,$bGiovanni$f<1950- > 702 1$aBisi,$bStefano 801 0$aIT$bUNINA$gREICAT$2UNIMARC 901 $aBK 912 $a9910479652603321 952 $aCollez. 2641 (52)$b917/2021$fFSPBC 959 $aFSPBC 996 $aGran maestri d'Italia 1805-2020$91807391 997 $aUNINA LEADER 01767cam2-22004091i-450 001 990005692180403321 005 20240221095341.0 035 $a000569218 035 $aFED01000569218 035 $a(Aleph)000569218FED01 035 $a000569218 100 $a19990604f1942----km-y0itay50------ba 101 0 $alat 102 $aIT 105 $ayf------001yy 200 1 $aAnonymi Mediolanensis Libellus de situ civitatis Mediolani, de adventu Barnabe Apostoli et de vitis priorum pontificum Mediolanensium$fa cura di Alessandro Colombo e Giuseppe Colombo 205 $aNuova edizione riveduta, ampliata e corretta$fcon la direzione di Giosuč Carducci e Vittorio Fiorini 210 $aBologna$cZanichelli$d[1942] 215 $a1 v. in 2 fascc., c. di tav.$d33 cm 225 1 $aRerum Italicarum scriptores 300 $aVol. composto dai fascc. 357/358-359/360. 327 1 $aFasc. 357/358: I-CXXII p. ; fasc. 359/360: 1-136 p. 461 0$1001000933345$12001$aRaccolta degli storici italiani dal cinquecento al millecinquecento$fordinata da L. A. Muratori$v1.2 610 0 $aMilano$aStoria ecclesiastica$aSec. 1.-4.$aFonti 610 0 $aItalia$aStoria$aSec. 6.-16.$aFonti 676 $a945$v22$zita 702 1$aColombo,$bAlessandro 702 1$aColombo,$bGiuseppe$c 702 1$aMuratori,$bLodovico Antonio$f<1672-1750> 801 0$aIT$bUNINA$gRICA$2UNIMARC 901 $aBK 912 $a990005692180403321 952 $a945 ISIME 05 (01.2) (1)$bBIBL. 25625$fFLFBC 952 $a945 ISIME 05 (01.2) (2)$bBIBL. 25625$fFLFBC 959 $aFLFBC 996 $aAnonymi Mediolanensis Libellus de situ civitatis Mediolani, de adventu Barnabe Apostoli et de vitis priorum pontificum Mediolanensium$9601726 997 $aUNINA